00453nam a2200145Ia 4500008004100000100001700041245008300058245001700141260003900158260000900197300000900206650001800215650001500233856005900248170221s9999 xx 000 0 und d aRodney Ciboh aAdult Users’ Engagement and Utilisation of Social Networks Sites in Nigeria  cRodney Ciboh bStudies in Media and Communication c2013 a12 : xCommunication xMedia Arts uhttp://redfame.com/journal/index.php/smc/issue/view/42